000 01926cam a2200445 a 4500
003 CHAP
005 20220329142223.0
008 000224s1999 mx a r 00010 spa d
010 _a80083
011 _a81055
020 _a9682458188
035 _a91515
040 _cCHAP
082 0 4 _a574.191
_bW3Y 1991
100 0 0 _aWallace, Robert Ardell.
_9120920
245 1 0 _aBiología molecular y herencia :
_bla ciencia de la vida
_c/por Robert A. Wallace, Jack L. King y Gerald P. Sanders
250 _a2 ed.
260 _aMéxico, D. F. :
_bTrillas,
_c1999.
300 _a224 p. :
_bilus.
590 _aBATCH-UPD
_b10
_c20130110
_lUCH01
_h0004
590 _aBATCH-UPD
_b10
_c20130110
_lUCH01
_h1811
590 _aBATCH-UPD
_b10
_c20130410
_lUCH01
_h1146
590 _aBATCH-UPD
_b10
_c20130914
_lUCH01
_h0631
590 _aCONVERSION
_b10
_c20130109
_lUCH01
_h1344
650 1 4 _aBiofísica.
_912735
650 1 4 _aHerencia.
_953725
700 0 _aKing, Jack L.
_963276
700 0 _aSanders, Gerald P.
_9102032
901 _aBK
905 _aLilia Sánchez G.
942 _cLIBRO
949 _a574.191 W3Y 1991
_bBC
_cLIBRO
_d33724000756441
_eLIBRO
_gI.201666
_h97295
_i91515
_si
_t$270.00
949 _a574.191 W3Y 1991
_bBC
_cLIBRO
_d33724000764015
_eLIBRO
_fc.3
_gI.201664
_h97326
_i91515
_si
_t$270.00
949 _a574.191 W3Y 1991
_bBC
_cLIBRO
_d33724000764023
_eLIBRO
_fc.4
_gI.201663
_h97327
_i91515
_si
_t$270.00
949 _a574.191 W3Y 1991
_bBC
_cLIBRO
_d33724000764031
_eLIBRO
_fc.5
_gI.201662
_h97328
_i91515
_si
_t$270.00
949 _a574.191 W3Y 1991
_bBC
_cLIBRO
_d33724000764247
_eLIBRO
_fc.2
_gI.201665
_h97325
_i91515
_si
_t$270.00
949 _a574.191 W3Y 1991
_bBC
_cLIBRO
_d33724000975306
_eLIBRO
_fc.7
_gI.c/e
_h106213
_i91515
_si
_t$320.00
949 _a574.191 W3Y 1991
_bBC
_cLIBRO
_d33724000975363
_eLIBRO
_fc.6
_gI.c/e
_h106212
_i91515
_so
_t$320.00
949 _a574.191 W3Y 1991
_bBC
_cLIBRO
_d33724000975421
_eLIBRO
_fc.8
_gI.c/e
_h106214
_i91515
_si
_t$320.00
999 _c80083
_d80083